000 00554 a2200169 4500
008 131024b xxu||||| |||| 00| 0 eng d
020 _a9780801047824
050 _aBS475
_b.T375 2008
100 _aTate, W. Randolph
245 _a Biblical interpretation :
_ban integrated approach /
_cW. Randolph Tate
250 _a 3rd. ed.
260 _c2008
_bBaker Academic
_aGrand Rapids, MI
300 _axviii, 380 p. :
_b|ill. ;
_c24 cm.
500 _aIncludes bibliographical references and indexes.
650 _aBible
_xHermeneutics.
942 _cBK
_2lcc
999 _c42337
_d42337